Comuni della Provincia di Rovigo - Statistics

Statistiche generali
  • Questo quiz è stato fatto 20 volte
  • Il punteggio medio è 24 su 50
Statistiche sulle risposte
Comune % Corretto
Occhiobello
100%
Rovigo
100%
Adria
89%
Lendinara
89%
Porto Tolle
89%
Porto Viro
89%
Ariano nel Polesine
78%
Taglio di Po
78%
Badia Polesine
67%
Rosolina
67%
Arquà Polesine
56%
Bergantino
56%
Fiesso Umbertiano
56%
Fratta Polesine
56%
Gaiba
56%
Salara
56%
Bagnolo di Po
44%
Canaro
44%
Castelmassa
44%
Ceneselli
44%
Ficarolo
44%
Gavello
44%
Guarda Veneta
44%
Melara
44%
Stienta
44%
Trecenta
44%
Villanova del Ghebbo
44%
Villanova Marchesana
44%
Calto
33%
Canda
33%
Castelguglielmo
33%
Castelnovo Bariano
33%
Ceregnano
33%
Costa di Rovigo
33%
Crespino
33%
Giacciano con Baruchella
33%
Loreo
33%
Lusia
33%
Pettorazza Grimani
33%
Pincara
33%
Polesella
33%
Pontecchio Polesine
33%
San Bellino
33%
San Martino di Venezze
33%
Villadose
33%
Villamarzana
33%
Bosaro
22%
Corbola
22%
Frassinelle Polesine
22%
Papozze
22%
Nessun quiz corrispondente trovato
Distribuzione punteggi
Percentuale di utenti per punteggio
Percentile per numero di risposta
I tuoi punteggi nel tempo
Non hai fatto questo quiz